000
00297nam a2200145Ia 4500
100
_a
Jhaveri/ Nainesh
942
_c
BK
654
_a
business
245
_a
Business data Processing
260
_b
Students book depot
082
_a
4
_b
JHA
300
_a
274
546
_a
ENGLISH
999
_c
19148
_d
19148